| 000 | 00491nam a2200193 a 4500 | ||
|---|---|---|---|
| 001 | 1760773186289 | ||
| 003 | YourLibrary | ||
| 005 | 20251018131118.0 | ||
| 008 | 251018s1982##################000#0#eng## | ||
| 020 | _a9780195621631 | ||
| 082 | 0 | 4 |
_a582.0954 _bBOR |
| 100 | 1 |
_aBor, N. L., _eauthor. |
|
| 245 | 1 | 0 | _aSome Beautiful Indian Climbers and Shrubs : |
| 260 | _c1982. | ||
| 300 | _a548 pages | ||
| 650 | 0 | _aGardening. | |
| 942 | _cENGLISH | ||
| 040 |
_aYourLibrary _beng _cYourLibrary |
||
| 999 |
_c592347 _d592347 |
||